000 00563nam a2200181Ia 4500
003 IN-BaIIA
008 211028s9999 xx 000 0 eng d
040 _cIIA Library
080 _a621.38
_bGYS
100 _aGysi, W.
_911795
245 0 _aExample of a production documentation for electronic equipment
_cW. Gysi
260 _aBangalore
_bIndian Institute of Science
_c1980
300 _a33p
650 _aElectronic equipment
_93162
650 _aElectronics
_91576
650 _aNASA thesaurus
942 _cBK
999 _c6936
_d6936